Normal view
MARC view
- Milliammeter
Entry Topical Term
001 - CONTROL NUMBER
- control field: 113801
003 - CONTROL NUMBER IDENTIFIER
- control field: NUST
005 - DATE AND TIME OF LATEST TRANSACTION
- control field: 20230725094742.0
008 - FIXED-LENGTH DATA ELEMENTS
- fixed length control field: 230725|| aca||aabn | a|a d
040 ## - CATALOGING SOURCE
- Original cataloging agency: NUST
- Transcribing agency: NUST
150 ## - HEADING--TOPICAL TERM
- Topical term or geographic name entry element: Milliammeter
670 ## - SOURCE DATA FOUND
- Source citation: Work cat.: (NUST)193282: The Volt-OHM-milliammeter /, 1966
